000 00495nam a2200169Ia 4500
008 260520s2025 xx 000 0 und d
020 _a978-81-967930-2-9
041 _amar
082 _a551.22/SHI
100 _aशितोळे, म सु
245 _aजगभरातील भूकंप
250 _a1st ed
260 _aकोल्हापुर
_bतेजस प्रकाशन
_c2025
300 _a116p.
500 _aCat No: 15184
650 _aSCIENCE OF THE EARTH
999 _c1221910
_d1221910